[Event "2.BLN 1718 SF Berlin - SK Zehlendorf"]
[Site "?"]
[Date "2017.10.23"]
[Round "2.5"]
[White "Lagunow, Alexander"]
[Black "Nogly, Christoph"]
[Result "1/2-1/2"]
[WhiteElo "2418"]
[BlackElo "2251"]
[PlyCount "112"]
[EventDate "2017.??.??"]

1. e4 e5 2. Nf3 Nc6 3. Bb5 Nf6 4. d3 Bc5 5. Bxc6 dxc6 6. O-O Qe7 7. Nbd2 Bg4 8.
Re1 Nd7 9. h3 Be6 10. Nb3 Bb6 11. Ng5 Nc5 12. Qh5 g6 13. Qh6 f6 14. Nxc5 Bxc5
15. Nxe6 Qxe6 16. Be3 Bxe3 17. Qxe3 Qd6 18. Red1 c5 19. c3 O-O-O 20. b4 cxb4
21. Qxa7 Qa6 22. Qxa6 bxa6 23. cxb4 Rd4 24. Kf1 Rhd8 25. Ke2 Rxb4 26. Rab1 Rdd4
27. Rxb4 Rxb4 28. Ke3 Ra4 29. Rd2 Kd7 30. d4 Ra3+ 31. Ke2 exd4 32. Rxd4+ Ke6
33. Rd2 Ke5 34. f3 h5 35. g3 c5 36. Rd5+ Ke6 37. Rxc5 Rxa2+ 38. Ke3 Ra3+ 39.
Ke2 a5 40. h4 Kd6 41. Rd5+ Ke6 42. g4 hxg4 43. fxg4 a4 44. Ra5 Rg3 45. g5 fxg5
46. hxg5 a3 47. Kf2 Rb3 48. Ra6+ Ke5 49. Rxg6 Kf4 50. Kg2 Rg3+ 51. Kh2 Re3 52.
Ra6 Kxg5 53. e5 Kg4 54. e6 Re2+ 55. Kg1 a2 56. e7 a1=Q+ 1/2-1/2

[Event "2.BLN 1718 SF Berlin - SK Zehlendorf"]
[Site "?"]
[Date "2017.10.23"]
[Round "2.6"]
[White "Chatzidakis, Mihail Dr"]
[Black "Brodowski, Piotr"]
[Result "0-1"]
[WhiteElo "2314"]
[BlackElo "2434"]
[PlyCount "82"]
[EventDate "2017.??.??"]

1. e4 c5 2. Nf3 g6 3. c3 Bg7 4. h3 Nf6 5. e5 Nd5 6. d4 cxd4 7. cxd4 d6 8. Bb5+
Nc6 9. Bxc6+ bxc6 10. O-O O-O 11. Re1 h6 12. Nc3 Be6 13. Ne4 Qc7 14. Bd2 Rac8
15. Qc1 Kh7 16. b3 c5 17. dxc5 dxe5 18. Qa3 Kg8 19. Rac1 f5 20. Ng3 e4 21. Qa4
Qc6 22. Qxc6 Rxc6 23. Nh2 Rb8 24. Rc2 Bc8 25. Ne2 Ba6 26. Nf4 Nc7 27. b4 g5 28.
Nh5 Bd4 29. a3 Bd3 30. Ra2 e5 31. g3 Nd5 32. Kg2 f4 33. Ng4 Kf7 34. Nh2 Kg6 35.
g4 f3+ 36. Kg1 Nf4 37. Nxf4+ gxf4 38. Bc1 a5 39. bxa5 Rxc5 40. Bd2 Rb1 41. a6
Rxe1+ 0-1

[Event "2.BLN 1718 SF Berlin - SK Zehlendorf"]
[Site "?"]
[Date "2017.10.23"]
[Round "2.7"]
[White "Murdzia, Piotr"]
[Black "Florstedt, Johannes"]
[Result "0-1"]
[WhiteElo "2439"]
[BlackElo "2243"]
[PlyCount "94"]
[EventDate "2017.??.??"]

1. d4 Nf6 2. c4 g6 3. Nc3 d5 4. Nf3 Bg7 5. Bf4 O-O 6. Rc1 dxc4 7. e3 Be6 8. Ng5
Bd5 9. e4 h6 10. exd5 hxg5 11. Bxg5 Nxd5 12. Qf3 Nb6 13. Qxb7 Qxd4 14. Be2 Qe5
15. Be3 N8d7 16. Rd1 Nc5 17. Qc6 Ne6 18. O-O Rab8 19. Rd2 Rfd8 20. Rxd8+ Rxd8
21. Bxc4 Nxc4 22. Qxc4 c5 23. h3 Nd4 24. Na4 Rd5 25. b3 e6 26. Rc1 Bf8 27. Nc3
Rd8 28. Rd1 Bd6 29. Bxd4 cxd4 30. Qxd4 Qxd4 31. Rxd4 Bh2+ 32. Kxh2 Rxd4 33. f3
Rd2 34. a3 Rd3 35. Nb5 Rxb3 36. Nxa7 Rxa3 37. Nc6 f6 38. f4 Rd3 39. h4 Kf7 40.
g3 Ra3 41. Nd4 e5 42. fxe5 fxe5 43. Nc6 Ke6 44. Kg2 Ra4 45. Kh3 Kd6 46. Nd8 Ra7
47. Kg4 Rd7 0-1

[Event "2.BLN 1718 SF Berlin - SK Zehlendorf"]
[Site "?"]
[Date "2017.10.23"]
[Round "2.8"]
[White "Priebe, Jan"]
[Black "Luch, Michal"]
[Result "0-1"]
[WhiteElo "2274"]
[BlackElo "2386"]
[PlyCount "48"]
[EventDate "2017.??.??"]

1. e4 Nf6 2. e5 Nd5 3. Nf3 d6 4. d4 dxe5 5. Nxe5 c6 6. Be2 Bf5 7. O-O Nd7 8.
Nf3 e6 9. a3 Bd6 10. g3 h6 11. c4 N5f6 12. Nc3 O-O 13. Bd3 Bg4 14. Kg2 e5 15.
Be2 exd4 16. Qxd4 Nc5 17. Bf4 Bxf4 18. Qxf4 Ne6 19. Qc1 Qc8 20. Rd1 Re8 21. Qc2
Bxf3+ 22. Bxf3 Ng5 23. Qd3 Qh3+ 24. Kh1 Rad8 0-1

[Event "2.BLN 1718 Hamburger SK - SC Kreuzberg"]
[Site "?"]
[Date "2017.10.23"]
[Round "2.1"]
[White "Lerch, Philipp"]
[Black "Colpe, Malte"]
[Result "1/2-1/2"]
[WhiteElo "2334"]
[BlackElo "2411"]
[PlyCount "33"]
[EventDate "2017.??.??"]

1. Nf3 d5 2. d4 Nf6 3. Bf4 c5 4. e3 Nc6 5. c3 e6 6. Bd3 Bd6 7. Bxd6 Qxd6 8.
Nbd2 O-O 9. O-O e5 10. dxe5 Nxe5 11. Nxe5 Qxe5 12. Nf3 Qe7 13. h3 Bd7 14. Qe2
Rfe8 15. Bb5 Rad8 16. Rad1 h6 17. Rfe1 1/2-1/2

[Event "2.BLN 1718 Hamburger SK - SC Kreuzberg"]
[Site "?"]
[Date "2017.10.23"]
[Round "2.2"]
[White "Bracker, Frank"]
[Black "Glantz, Robert"]
[Result "1/2-1/2"]
[WhiteElo "2392"]
[BlackElo "2334"]
[PlyCount "118"]
[EventDate "2017.??.??"]

1. Nf3 Nf6 2. c4 c5 3. Nc3 e6 4. g3 b6 5. Bg2 Bb7 6. O-O Be7 7. d4 cxd4 8. Qxd4
d6 9. Bg5 a6 10. Bxf6 Bxf6 11. Qf4 Bxf3 12. Bxf3 Ra7 13. Rfd1 Be7 14. Rd3 Nd7
15. Bc6 O-O 16. Bxd7 Rxd7 17. Rad1 Qc7 18. b3 Qc6 19. a4 Rfd8 20. h4 h6 21. e4
Bf6 22. Qe3 Qc5 23. Qd2 Qc6 24. f3 Qc5+ 25. Kg2 Qc6 26. Ne2 Qc5 27. Nd4 Qc7 28.
Nc2 Qb7 29. Ne3 h5 30. a5 g6 31. Qb4 bxa5 32. Qxa5 Kg7 33. Qa4 Qb6 34. Qa3 Rb7
35. Kf2 Rdb8 36. R1d2 Be7 37. Ra2 Kg8 38. Qb2 Qc6 39. Qc3 Rb4 40. Ra3 Bf8 41.
Kg2 R4b6 42. Ra5 Rxb3 43. Qxb3 Rxb3 44. Rxb3 Bh6 45. c5 Bxe3 46. Rxe3 dxc5 47.
Rc3 c4 48. Ra2 Qb5 49. Rac2 a5 50. Rxc4 a4 51. R4c3 Kg7 52. Ra3 g5 53. hxg5
Qxg5 54. Kh2 h4 55. gxh4 Qxh4+ 56. Kg2 Qg5+ 57. Kf2 Qh4+ 58. Kg2 Qg5+ 59. Kf2
Qh4+ 1/2-1/2

[Event "2.BLN 1718 Hamburger SK - SC Kreuzberg"]
[Site "?"]
[Date "2017.10.23"]
[Round "2.3"]
[White "Kalinitschew, Sergey"]
[Black "Kramer, Julian"]
[Result "0-1"]
[WhiteElo "2423"]
[BlackElo "2344"]
[PlyCount "58"]
[EventDate "2017.??.??"]

1. Nf3 Nf6 2. c4 g6 3. Nc3 d5 4. cxd5 Nxd5 5. h4 Bg7 6. h5 Nxc3 7. bxc3 c5 8.
g3 b6 9. Bg2 Bb7 10. Qb3 Bd5 11. Qa4+ Qd7 12. Qf4 Qd6 13. Qa4+ Qd7 14. Qc2 Nc6
15. Rb1 O-O 16. hxg6 hxg6 17. d3 Rad8 18. Be3 c4 19. d4 e5 20. dxe5 Nxe5 21.
Nxe5 Bxe5 22. Rd1 Qe6 23. Bxd5 Rxd5 24. Rxd5 Qxd5 25. O-O Rd8 26. f4 Bf6 27.
Kf2 Kg7 28. Ke1 Qg2 29. Bf2 Qe4 0-1

[Event "2.BLN 1718 Hamburger SK - SC Kreuzberg"]
[Site "?"]
[Date "2017.10.23"]
[Round "2.4"]
[White "Meissner, Felix"]
[Black "Figura, Atila Gajo"]
[Result "1/2-1/2"]
[WhiteElo "2339"]
[BlackElo "2376"]
[PlyCount "112"]
[EventDate "2017.??.??"]

1. e4 e6 2. d4 d5 3. Nd2 Be7 4. Ngf3 Nf6 5. Bd3 c5 6. dxc5 Na6 7. e5 Nd7 8. c3
Naxc5 9. Nb3 Nxd3+ 10. Qxd3 b6 11. Bf4 Nc5 12. Qb5+ Qd7 13. Qxd7+ Kxd7 14.
O-O-O Ba6 15. Nxc5+ bxc5 16. Rd2 h6 17. h4 Rhc8 18. h5 Ke8 19. Rh3 d4 20. Ne1
dxc3 21. Rxc3 c4 22. Nc2 Rd8 23. Rg3 Kf8 24. Rxd8+ Rxd8 25. Bd2 Bb7 26. Rg4 f5
27. exf6 Bxf6 28. Bc3 Bxc3 29. bxc3 Rd5 30. Ne3 Rxh5 31. Rxc4 Rh1+ 32. Kd2 Ra1
33. Ra4 a6 34. Kd3 Ke7 35. Kd4 h5 36. Rb4 Bc8 37. Rb2 Kd6 38. f4 h4 39. c4 Kc7
40. Re2 Bb7 41. Ke5 Kd7 42. f5 exf5 43. Kxf5 Kc6 44. Kg5 Rh1 45. Nf5 Kc5 46.
Nxh4 Kxc4 47. Rc2+ Kd3 48. Rc7 Bd5 49. Rxg7 Bxa2 50. Ra7 Bc4 51. Nf3 Kc3 52.
Ne5 Bb5 53. g4 Kd4 54. Kf4 Rf1+ 55. Nf3+ Kc5 56. Ke3 Kb6 1/2-1/2

[Event "2.BLN 1718 Hamburger SK - SC Kreuzberg"]
[Site "?"]
[Date "2017.10.23"]
[Round "2.5"]
[White "Thesing, Matthias"]
[Black "Fuchs, Judith"]
[Result "1/2-1/2"]
[WhiteElo "2317"]
[BlackElo "2326"]
[PlyCount "43"]
[EventDate "2017.??.??"]

1. e4 c6 2. c4 d5 3. cxd5 cxd5 4. exd5 Nf6 5. Nc3 Nxd5 6. Nf3 Nc6 7. Bc4 Nb6 8.
Bb3 Bf5 9. d4 e6 10. O-O Be7 11. d5 exd5 12. Nxd5 Nxd5 13. Qxd5 Qxd5 14. Bxd5
O-O 15. Bg5 Bxg5 16. Nxg5 h6 17. Nf3 Ne7 18. Bb3 Nc6 19. Rad1 Rfd8 20. Bd5 Ne7
21. Bb3 Nc6 22. h3 1/2-1/2

[Event "2.BLN 1718 Hamburger SK - SC Kreuzberg"]
[Site "?"]
[Date "2017.10.23"]
[Round "2.6"]
[White "Sievers, Stefan"]
[Black "Moritz, Aron"]
[Result "1/2-1/2"]
[WhiteElo "2363"]
[BlackElo "2203"]
[PlyCount "21"]
[EventDate "2017.??.??"]

1. e4 c5 2. Nc3 Nc6 3. Bb5 Nd4 4. Bc4 g6 5. Nf3 Bg7 6. Nxd4 cxd4 7. Qf3 Nh6 8.
Ne2 O-O 9. h3 Kh8 10. d3 f5 11. Qg3 1/2-1/2

[Event "2.BLN 1718 Hamburger SK - SC Kreuzberg"]
[Site "?"]
[Date "2017.10.23"]
[Round "2.7"]
[White "Holzapfel, Daniel"]
[Black "Groetzbach, Julian"]
[Result "0-1"]
[WhiteElo "2289"]
[BlackElo "2279"]
[PlyCount "134"]
[EventDate "2017.??.??"]

1. d4 d5 2. c4 e6 3. Nf3 Nf6 4. Nc3 Bb4 5. Bd2 O-O 6. e3 b6 7. Qb3 Be7 8. cxd5
exd5 9. Be2 c5 10. O-O Nc6 11. Ne5 Bb7 12. Nxc6 Bxc6 13. dxc5 bxc5 14. Bf3 Rb8
15. Qc2 Qb6 16. Rab1 Rfd8 17. Na4 Qb5 18. b3 Rbc8 19. Rfc1 Qa6 20. Nb2 Nd7 21.
Bc3 d4 22. Bd2 Bxf3 23. gxf3 Ne5 24. Qf5 Qg6+ 25. Qxg6 Nxf3+ 26. Kg2 Nh4+ 27.
Kg3 hxg6 28. e4 g5 29. Kg4 Ng6 30. Nd3 f6 31. Rc4 Kf7 32. h4 gxh4 33. f4 Rh8
34. e5 fxe5 35. f5 Nf8 36. Nxe5+ Ke8 37. b4 h3 38. Bf4 h2 39. Rh1 Rh4+ 40. Kg3
Rh5 41. Kg4 Rh4+ 42. Kg3 Rh7 43. Rxh2 Rxh2 44. Kxh2 Nd7 45. Nxd7 Kxd7 46. bxc5
Bxc5 47. Be5 Ke7 48. Kg2 d3 49. Bc3 Kd6 50. Kf3 Kd5 51. Re4 Rf8 52. Kf4 g6 53.
f6 Rxf6+ 54. Bxf6 d2 55. Be7 Bxe7 56. Rxe7 Kd6 57. Rxa7 d1=Q 58. Ra6+ Kd5 59.
Rxg6 Qd2+ 60. Kf5 Qxa2 61. Rf6 Qc2+ 62. Kf4 Qf2+ 63. Kg5 Qg3+ 64. Kf5 Qh3+ 65.
Kf4 Qh4+ 66. Kf5 Qh5+ 67. Kf4 Qe5+ 0-1

[Event "2.BLN 1718 Hamburger SK - SC Kreuzberg"]
[Site "?"]
[Date "2017.10.23"]
[Round "2.8"]
[White "Doberitz, Paul"]
[Black "Glienke, Manfred"]
[Result "1/2-1/2"]
[WhiteElo "2205"]
[BlackElo "2266"]
[PlyCount "22"]
[EventDate "2017.??.??"]

1. c4 Nf6 2. Nf3 e6 3. g3 b6 4. Bg2 Bb7 5. O-O Be7 6. b3 O-O 7. Bb2 d6 8. Nc3
Nbd7 9. Qc2 c5 10. Rfd1 a6 11. d4 Qc7 1/2-1/2

[Event "2.BLN 1718 SV Werder Bremen - Glückauf"]
[Site "?"]
[Date "2017.10.23"]
[Round "2.2"]
[White "Meins, Gerlef"]
[Black "Dudzinski, Piotr"]
[Result "1/2-1/2"]
[WhiteElo "2410"]
[BlackElo "2310"]
[PlyCount "32"]
[EventDate "2017.??.??"]

1. d4 d5 2. c4 e6 3. Nf3 c6 4. Qc2 Nf6 5. Nbd2 Be7 6. e4 dxe4 7. Nxe4 Nbd7 8.
Bd3 Nxe4 9. Bxe4 c5 10. Be3 Nf6 11. O-O Nxe4 12. Qxe4 f6 13. b3 a6 14. b4 Qd6
15. g3 f5 16. Qd5 Kf7 1/2-1/2

[Event "2.BLN 1718 SV Werder Bremen - Glückauf"]
[Site "?"]
[Date "2017.10.23"]
[Round "2.3"]
[White "Sroczynski, Maciej"]
[Black "Joachim, Sven"]
[Result "1/2-1/2"]
[WhiteElo "2314"]
[BlackElo "2395"]
[PlyCount "55"]
[EventDate "2017.??.??"]

1. d4 Nf6 2. c4 g6 3. Nc3 Bg7 4. e4 d6 5. Nf3 O-O 6. Be2 e5 7. O-O Na6 8. Be3
Ng4 9. Bg5 Qe8 10. dxe5 dxe5 11. h3 f6 12. Bd2 Nh6 13. c5 Nxc5 14. Qc1 Nf7 15.
Nd5 Ne6 16. Nxc7 Nxc7 17. Qxc7 Nd8 18. b4 Be6 19. b5 Rf7 20. Qc2 b6 21. Rfc1
Bf8 22. Bc4 Ba3 23. Bxe6 Nxe6 24. Rcb1 Rd8 25. Qb3 Bc5 26. a4 Rfd7 27. Rd1 Qf7
28. Bc3 1/2-1/2

[Event "2.BLN 1718 SV Werder Bremen - Glückauf"]
[Site "?"]
[Date "2017.10.23"]
[Round "2.4"]
[White "Richter, Christian"]
[Black "Wlodarczyk, Oskar"]
[Result "1/2-1/2"]
[WhiteElo "2352"]
[BlackElo "2278"]
[PlyCount "50"]
[EventDate "2017.??.??"]

1. d4 Nf6 2. Nf3 g6 3. c4 Bg7 4. g3 O-O 5. Bg2 d5 6. O-O dxc4 7. Na3 c3 8. bxc3
c5 9. Qb3 Nc6 10. Rd1 Na5 11. Qb2 cxd4 12. cxd4 Bf5 13. Ne5 Rc8 14. Bd2 Ne4 15.
Be1 Nd6 16. Qb4 b6 17. Rac1 Be6 18. Nc6 Nxc6 19. Bxc6 Bh6 20. Bd2 Bxd2 21. Qxd2
Rc7 22. d5 Bd7 23. Rc2 Bf5 24. Rcc1 Bd7 25. Rc2 Bf5 1/2-1/2

[Event "2.BLN 1718 SV Werder Bremen - Glückauf"]
[Site "?"]
[Date "2017.10.23"]
[Round "2.5"]
[White "Dudzinski, Pawel"]
[Black "Grigorian, Spartak"]
[Result "1/2-1/2"]
[WhiteElo "2238"]
[BlackElo "2352"]
[PlyCount "133"]
[EventDate "2017.??.??"]

1. e4 c5 2. c4 Nc6 3. Nc3 g6 4. g3 h5 5. h3 Bg7 6. Bg2 d6 7. Nge2 Bd7 8. Rb1 a6
9. a3 b5 10. cxb5 axb5 11. b4 c4 12. f4 Qb6 13. Nd5 Qb8 14. O-O e6 15. Ne3 Nge7
16. d3 cxd3 17. Qxd3 O-O 18. Rd1 d5 19. Bb2 Bxb2 20. Rxb2 dxe4 21. Qxe4 Qc7 22.
Rb3 Rfd8 23. Kf2 Be8 24. Rbd3 Rac8 25. g4 Rxd3 26. Rxd3 hxg4 27. hxg4 g5 28.
fxg5 Qe5 29. Qxe5 Nxe5 30. Rb3 N7g6 31. Ng3 Rc7 32. Nh5 Rc1 33. Nf6+ Kf8 34.
Nxe8 Kxe8 35. Kg3 Kd7 36. Be4 Kd6 37. Bc2 Ne7 38. Rb1 Rxb1 39. Bxb1 Nd5 40.
Nxd5 Kxd5 41. Kf4 Kd4 42. Bc2 Ng6+ 43. Kg3 Ne5 44. Kf4 Nc4 45. a4 e5+ 46. Kf5
Ne3+ 47. Kf6 Nxc2 48. axb5 e4 49. Kxf7 e3 50. g6 e2 51. g7 e1=Q 52. g8=Q Qf1+
53. Kg6 Qxb5 54. Qd8+ Kc3 55. Qc7+ Kb3 56. g5 Nxb4 57. Kh6 Qf5 58. Qg3+ Kc4 59.
g6 Nd5 60. g7 Qe6+ 61. Qg6 Qh3+ 62. Qh5 Qe6+ 63. Qg6 Nf6 64. g8=Q Nxg8+ 65. Kg7
Qd5 66. Qf7 Qxf7+ 67. Kxf7 1/2-1/2

[Event "2.BLN 1718 SV Werder Bremen - Glückauf"]
[Site "?"]
[Date "2017.10.23"]
[Round "2.6"]
[White "Charmeteau, Sven"]
[Black "Szadkowski, Kamil"]
[Result "1-0"]
[WhiteElo "2323"]
[BlackElo "2293"]
[PlyCount "53"]
[EventDate "2017.??.??"]

1. e4 e5 2. Nf3 Nc6 3. d4 exd4 4. Nxd4 Bb4+ 5. Nc3 Nf6 6. Nxc6 bxc6 7. Bd3 O-O
8. O-O d5 9. exd5 cxd5 10. Bg5 c6 11. Qf3 Be7 12. Rfe1 h6 13. Bxh6 gxh6 14. Qe3
Bd6 15. Qxh6 Rb8 16. Re3 Rb4 17. Rf3 Ne4 18. Bxe4 dxe4 19. Rf6 Re8 20. Rxd6 Qe7
21. Re1 Rd8 22. Rxd8+ Qxd8 23. Re3 Bf5 24. h4 Rxb2 25. Rg3+ Bg6 26. h5 e3 27.
Rxe3 1-0

[Event "2.BLN 1718 SV Werder Bremen - Glückauf"]
[Site "?"]
[Date "2017.10.23"]
[Round "2.7"]
[White "Szyszylo, Rafal"]
[Black "Mueller, Oliver"]
[Result "1-0"]
[WhiteElo "2225"]
[BlackElo "2247"]
[PlyCount "79"]
[EventDate "2017.??.??"]

1. e4 c5 2. Nf3 d6 3. d4 cxd4 4. Nxd4 Nf6 5. Nc3 Nc6 6. Bc4 e6 7. Be3 Be7 8.
Qe2 a6 9. O-O-O Qc7 10. Rhg1 Bd7 11. Bb3 b5 12. a3 Na5 13. g4 Nxb3+ 14. Nxb3
Bc6 15. f3 O-O 16. g5 Nd7 17. f4 Nc5 18. Nd2 Qb7 19. Bxc5 dxc5 20. f5 b4 21.
Ncb1 Rab8 22. a4 exf5 23. exf5 Rfe8 24. Qh5 Bf8 25. b3 Qd7 26. g6 fxg6 27. fxg6
h6 28. Nc4 Qe6 29. Nbd2 Rbd8 30. Rgf1 Rd5 31. Qf3 Qxg6 32. Rg1 Qf5 33. Qg3 Qf6
34. Kb1 Rg5 35. Qc7 Rxg1 36. Rxg1 Bd5 37. Rf1 Qe6 38. Nb6 Bd6 39. Qa7 Be5 40.
Re1 1-0

[Event "2.BLN 1718 SV Werder Bremen - Glückauf"]
[Site "?"]
[Date "2017.10.23"]
[Round "2.8"]
[White "Kardoeus, David"]
[Black "Siwiec, Arkadiusz"]
[Result "0-1"]
[WhiteElo "2182"]
[BlackElo "2196"]
[PlyCount "86"]
[EventDate "2017.??.??"]

1. e4 c5 2. Nf3 d6 3. d4 cxd4 4. Nxd4 Nf6 5. Nc3 Nc6 6. Bg5 e6 7. Qd2 Be7 8.
O-O-O O-O 9. h4 Nxd4 10. Qxd4 Qa5 11. Kb1 Rd8 12. Bd2 Qc5 13. Qxc5 dxc5 14. Be2
b6 15. g4 Bb7 16. f3 a6 17. Rhg1 b5 18. a4 b4 19. Na2 a5 20. Bf4 Bc6 21. Bb5
Rdc8 22. c4 Kf8 23. Rd2 Ne8 24. g5 f6 25. Rgd1 e5 26. Be3 Kf7 27. Nc1 Ke6 28.
Nd3 Bxb5 29. axb5 a4 30. f4 Nd6 31. Nxc5+ Rxc5 32. f5+ Kf7 33. Bxc5 Nxe4 34.
Bxe7 Nxd2+ 35. Rxd2 Kxe7 36. b6 Rd8 37. Rc2 Rd1+ 38. Rc1 Rxc1+ 39. Kxc1 Kd6 40.
h5 h6 41. gxh6 gxh6 42. Kc2 Kc6 43. c5 e4 0-1

[Event "2.BLN 1718 FC St. Pauli - Turm Kiel"]
[Site "?"]
[Date "2017.10.23"]
[Round "2.1"]
[White "Salgado Lopez, Ivan"]
[Black "Feuerstack, Aljoscha"]
[Result "1-0"]
[WhiteElo "2629"]
[BlackElo "2449"]
[PlyCount "101"]
[EventDate "2017.??.??"]

1. e4 c6 2. d4 d5 3. e5 Bf5 4. Nd2 e6 5. Nb3 a6 6. c3 Nd7 7. Be2 Ne7 8. Nf3 Nc8
9. O-O Na7 10. Be3 Rc8 11. Re1 c5 12. dxc5 Nxc5 13. c4 dxc4 14. Qxd8+ Kxd8 15.
Bxc4 Nxb3 16. Bxb3 Bc5 17. Nd4 Ke7 18. Nxf5+ exf5 19. Bg5+ Ke8 20. Rad1 Nc6 21.
Bd5 h6 22. Bxc6+ bxc6 23. Be3 Bxe3 24. Rxe3 Ke7 25. e6 fxe6 26. Rde1 Rhd8 27.
Rxe6+ Kf8 28. f3 c5 29. Kf2 c4 30. R1e2 Rd3 31. Rxa6 Rd5 32. Rc2 Rb8 33. Rxc4
Rxb2+ 34. Kg3 Re5 35. Rc7 Re7 36. Rxe7 Kxe7 37. h4 Kf7 38. a4 Rb4 39. a5 Ra4
40. h5 Ra2 41. Kh3 Ra3 42. Kg3 Ra4 43. f4 Ra3+ 44. Kh2 Ra2 45. Kh3 Ra3+ 46. g3
Ra2 47. Ra7+ Kf8 48. a6 Ra3 49. Kg2 Kg8 50. Kf2 Kh8 51. Ke2 1-0

[Event "2.BLN 1718 FC St. Pauli - Turm Kiel"]
[Site "?"]
[Date "2017.10.23"]
[Round "2.2"]
[White "Michna, Marta"]
[Black "Hector, Jonny"]
[Result "1/2-1/2"]
[WhiteElo "2376"]
[BlackElo "2479"]
[PlyCount "128"]
[EventDate "2017.??.??"]

1. d4 d5 2. Bf4 c5 3. e3 Nc6 4. c3 Nf6 5. Nd2 cxd4 6. exd4 Bf5 7. Qb3 Qd7 8.
Ngf3 a6 9. Be2 e6 10. Nh4 Be4 11. Nxe4 Nxe4 12. Nf3 Be7 13. h4 Rc8 14. a4 O-O
15. Bd3 f5 16. Qd1 Bd6 17. Bxd6 Qxd6 18. Qe2 e5 19. dxe5 Nxe5 20. Nxe5 Qxe5 21.
O-O Qf6 22. Qh5 Qb6 23. Bxe4 dxe4 24. Qe2 Rce8 25. Rfe1 Qc6 26. Rad1 Qxa4 27.
Rd4 Qc6 28. Red1 Qf6 29. h5 Kh8 30. Rd7 f4 31. R1d6 Re6 32. h6 gxh6 33. Rxe6
Qxe6 34. Qd1 e3 35. Qd4+ Rf6 36. fxe3 fxe3 37. Qd3 Qf5 38. Qxf5 Rxf5 39. Re7 a5
40. Rxe3 Rb5 41. Re2 Kg7 42. Kh2 Kf6 43. Kg3 Re5 44. Rd2 Ke6 45. Kf4 Rd5 46.
Re2+ Kd6 47. g4 Rb5 48. Rh2 Kc5 49. Rxh6 Rxb2 50. Rh5+ Kc4 51. Rxa5 Re2 52. Rh5
Re7 53. Rh3 b5 54. Kf5 Kb3 55. Kf6 Rb7 56. g5 Rc7 57. Kf5 Kc2 58. Ke6 Rc6+ 59.
Kf5 Rc7 60. Ke6 Kd2 61. Kf6 Kc2 62. Ke6 Kb2 63. Kf6 Rc6+ 64. Kf5 Rc5+ 1/2-1/2

[Event "2.BLN 1718 FC St. Pauli - Turm Kiel"]
[Site "?"]
[Date "2017.10.23"]
[Round "2.3"]
[White "Pakleza, Zbigniew"]
[Black "Voigt, Martin"]
[Result "1-0"]
[WhiteElo "2496"]
[BlackElo "2346"]
[PlyCount "59"]
[EventDate "2017.??.??"]

1. d4 d5 2. Bf4 Nf6 3. e3 c5 4. c3 Nc6 5. Nd2 cxd4 6. exd4 Bg4 7. Qb3 Qc8 8.
Ngf3 e6 9. Bb5 Be7 10. Ne5 O-O 11. f3 Bf5 12. g4 Bg6 13. Nxg6 hxg6 14. O-O Nd7
15. Rae1 g5 16. Bg3 g6 17. f4 gxf4 18. Bxf4 Kg7 19. Qd1 Qd8 20. Nf3 Nf6 21. Ng5
Nh7 22. Nxh7 Kxh7 23. Qd2 Rh8 24. Bxc6 bxc6 25. Be5 f6 26. Bg3 Bd6 27. Bxd6
Qxd6 28. Rxf6 Rae8 29. Qg5 Rhg8 30. Re3 1-0

[Event "2.BLN 1718 FC St. Pauli - Turm Kiel"]
[Site "?"]
[Date "2017.10.23"]
[Round "2.4"]
[White "Krause, Jonah"]
[Black "Stopa, Jacek"]
[Result "1/2-1/2"]
[WhiteElo "2354"]
[BlackElo "2428"]
[PlyCount "104"]
[EventDate "2017.??.??"]

1. d4 Nf6 2. c4 c5 3. d5 e6 4. Nc3 exd5 5. cxd5 d6 6. e4 g6 7. Nge2 Bg7 8. Ng3
h5 9. Be2 a6 10. a4 h4 11. Nf1 h3 12. g4 Nbd7 13. Ng3 Rb8 14. Be3 O-O 15. f3
Nh7 16. O-O Qb6 17. Qd2 Qb4 18. Nd1 Qb6 19. Rb1 Qb3 20. a5 b6 21. axb6 Nxb6 22.
Nf2 Nc4 23. Bxc4 Qxc4 24. Nxh3 Rb3 25. Nf2 f5 26. gxf5 gxf5 27. Nh5 Be5 28. Kh1
Kh8 29. Rg1 Qb4 30. Nf4 Bxf4 31. Bxf4 Rxf3 32. Qxb4 cxb4 33. Bxd6 Rxf2 34. Bxf8
Nxf8 35. Rbc1 Bd7 36. e5 Rd2 37. e6 Nxe6 38. dxe6 Bxe6 39. Rg6 Bd5+ 40. Kg1
Rxb2 41. Rc5 Be4 42. Rh6+ Kg8 43. Rb6 Rg2+ 44. Kf1 Rg7 45. Rxb4 Kh7 46. Rb6 Rg6
47. Rb3 Rd6 48. Rg3 Rb6 49. Rc7+ Kh6 50. Rc8 Kh7 51. Rc7+ Kh6 52. Rc8 Kh7
1/2-1/2

[Event "2.BLN 1718 FC St. Pauli - Turm Kiel"]
[Site "?"]
[Date "2017.10.23"]
[Round "2.6"]
[White "Pajeken, Wolfgang"]
[Black "Berg, Klaus"]
[Result "0-1"]
[WhiteElo "2216"]
[BlackElo "2337"]
[PlyCount "68"]
[EventDate "2017.??.??"]

1. d4 Nf6 2. c4 c5 3. d5 b5 4. Nf3 d6 5. Qc2 bxc4 6. e4 g6 7. Bxc4 Bg7 8. O-O
O-O 9. Nc3 Ba6 10. Nb5 Qb6 11. a4 Nbd7 12. h3 Bxb5 13. Bxb5 a6 14. Bc4 Ne8 15.
Rb1 Nc7 16. Re1 Rae8 17. Bd2 e6 18. dxe6 Nxe6 19. b4 Nd4 20. Nxd4 cxd4 21. a5
Qa7 22. Bf1 Ne5 23. Rec1 Re7 24. Qb3 Nd7 25. Qd5 Nf6 26. Qc6 Nxe4 27. Bf4 d3
28. Be3 Bd4 29. Bxd4 Qxd4 30. Qb6 Qxb6 31. axb6 d2 32. Rc7 Rxc7 33. bxc7 Nc3
34. Ra1 Rc8 0-1

[Event "2.BLN 1718 FC St. Pauli - Turm Kiel"]
[Site "?"]
[Date "2017.10.23"]
[Round "2.7"]
[White "Boe, Mads"]
[Black "Breyther, Ruediger"]
[Result "1-0"]
[WhiteElo "2302"]
[BlackElo "2254"]
[PlyCount "75"]
[EventDate "2017.??.??"]

1. e4 c5 2. c3 e6 3. d4 d5 4. exd5 exd5 5. Nf3 Nc6 6. Be3 c4 7. b3 cxb3 8. axb3
Bd6 9. Bd3 Nge7 10. O-O Bg4 11. Re1 Bh5 12. Nbd2 Bg6 13. Nf1 O-O 14. Bxg6 hxg6
15. Qd3 Qd7 16. Bg5 Nf5 17. Bh4 Rfe8 18. Bg3 a6 19. Bxd6 Qxd6 20. Ne3 Qd7 21.
Nc2 Rxe1+ 22. Rxe1 Re8 23. Kf1 Rxe1+ 24. Kxe1 Qd6 25. Qe2 Qf4 26. Ne3 Nfe7 27.
g3 Qd6 28. Nc2 f6 29. h4 Kf7 30. Nd2 Nf5 31. Kd1 Qe6 32. Qxe6+ Kxe6 33. Ke2 a5
34. Kd3 b5 35. f4 b4 36. c4 a4 37. cxd5+ Kxd5 38. Ne3+ 1-0

[Event "2.BLN 1718 FC St. Pauli - Turm Kiel"]
[Site "?"]
[Date "2017.10.23"]
[Round "2.8"]
[White "Stenner, Patrick"]
[Black "Junge, Ralph"]
[Result "1/2-1/2"]
[WhiteElo "2223"]
[BlackElo "2269"]
[PlyCount "34"]
[EventDate "2017.??.??"]

1. e4 d5 2. exd5 Nf6 3. Bb5+ Nbd7 4. d4 Nxd5 5. Nf3 e6 6. O-O Be7 7. c4 N5b6 8.
c5 c6 9. cxb6 cxb5 10. bxa7 Rxa7 11. Be3 Ra6 12. Qb3 Qa5 13. Nc3 b4 14. Ne4 O-O
15. Rfc1 Qd5 16. Qxd5 exd5 17. Nc5 Nxc5 1/2-1/2

[Event "2BLN 1718 SC Kreuzberg - SV Werder Brem"]
[Site "?"]
[Date "2017.11.12"]
[Round "3.1"]
[White "Werle, Jan"]
[Black "Lerch, Philipp"]
[Result "1-0"]
[WhiteElo "2526"]
[BlackElo "2334"]
[PlyCount "67"]
[EventDate "2017.??.??"]

1. d4 f5 2. g3 Nf6 3. Bg2 e6 4. Nf3 d5 5. c4 c6 6. O-O Bd6 7. b3 Qe7 8. a4 O-O
9. Ba3 Bxa3 10. Nxa3 Bd7 11. Nc2 Be8 12. Nce1 Bh5 13. Nd3 Nbd7 14. Qc2 Rae8 15.
Rfe1 Ne4 16. Nfe5 Nxe5 17. Nxe5 Nd6 18. Nd3 g5 19. e3 Qg7 20. Kh1 Bg6 21. c5
Nf7 22. f4 gxf4 23. gxf4 Qf6 24. Bf3 Qh4 25. Rg1 Kh8 26. Qe2 Rg8 27. Rg2 Rg7
28. Rag1 Reg8 29. b4 Nh6 30. Ne5 Be8 31. Rxg7 Rxg7 32. Rxg7 Kxg7 33. b5 Qd8 34.
Bh5 1-0

[Event "2BLN 1718 SC Kreuzberg - SV Werder Brem"]
[Site "?"]
[Date "2017.11.12"]
[Round "3.2"]
[White "Glantz, Robert"]
[Black "Zumsande, Martin"]
[Result "0-1"]
[WhiteElo "2334"]
[BlackElo "2471"]
[PlyCount "78"]
[EventDate "2017.??.??"]

1. e4 e6 2. d4 d5 3. Nd2 Be7 4. Bd3 c5 5. dxc5 Nf6 6. Qe2 O-O 7. Ngf3 a5 8. O-O
Na6 9. e5 Nd7 10. c4 Ndxc5 11. Bb1 Nb4 12. Rd1 Qb6 13. cxd5 exd5 14. Nd4 Ncd3
15. Bxd3 Qxd4 16. Nf3 Qg4 17. Bb1 Be6 18. Rd4 Qh5 19. h3 Rac8 20. Rd1 Rfd8 21.
a3 Nc6 22. Bf4 g5 23. Bg3 Kh8 24. Bd3 Rg8 25. Nh2 Qxe2 26. Bxe2 f5 27. exf6
Bxf6 28. Bg4 Bxg4 29. Nxg4 Bxb2 30. Rab1 Bxa3 31. Rxb7 Rg7 32. Rxg7 Kxg7 33.
Rxd5 Be7 34. Ne5 a4 35. Nxc6 Rxc6 36. Ra5 a3 37. Be5+ Kf7 38. g4 Rc5 39. Rxa3
Rc1+ 0-1